| 000 | 00511nam a22001937a 4500 | ||
|---|---|---|---|
| 005 | 20260113103505.0 | ||
| 020 | _a9780387940014 | ||
| 100 |
_aLang, Serge _97785 |
||
| 245 | _aReal and functional analysis | ||
| 250 | _a3rd ed. | ||
| 260 |
_aNew York _bSpringer _c1993 |
||
| 300 | _axiv+580 | ||
| 490 | _aGraduate texts in mathematics | ||
| 500 | _aGraduate texts in mathematics -142 | ||
| 650 |
_aMathematical analysis _97786 |
||
| 650 |
_aHilbert space _97634 |
||
| 650 | _aCalculus | ||
| 942 |
_2ddc _cBK |
||
| 999 |
_c755000 _d755000 |
||